书目信息 |
| 题名: |
吉林民间故事选
|
|
| 作者: | 中国民间文艺研究会吉林分会 编 | |
| 分册: | ||
| 出版信息: | 长春 吉林人民出版社 1980.6 |
|
| 页数: | 193页 | |
| 开本: | 19cm | |
| 丛书名: | ||
| 单 册: | ||
| 中图分类: | I276.5 | |
| 科图分类: | ||
| 主题词: | 民间文学--中国 | |
| 电子资源: | ||
| ISBN: | ||
| 000 | 00626nam0 2200205 45 | |
| 001 | 0303311635 | |
| 005 | 20031219104108.5 | |
| 010 | @dCNY0.70 | |
| 091 | @a1980.6 | |
| 100 | @a20030331d1980 km y0chiy0120 ea | |
| 101 | 0 | @achi |
| 105 | @a z 000yy | |
| 200 | 1 | @a吉林民间故事选@AJi Lin Min Jian Gu Shi Xuan@f中国民间文艺研究会吉林分会编@FZhong Guo Min Jian Wen Yi Yan Jiu Hui Ji Lin Fen Hui Bian |
| 210 | @a长春@c吉林人民出版社@d1980.6 | |
| 215 | @a193页@d19cm | |
| 606 | 0 | @a民间文学@x中国 |
| 690 | @aI276.5@v3 | |
| 701 | 0 | @a中国民间文艺研究会吉林分会@4编 |
| 801 | @aCN@bTSTC@c20030331 | |
| 905 | @f1@b29603@dI276.5@e11 | |
| 吉林民间故事选/中国民间文艺研究会吉林分会编.-长春:吉林人民出版社,1980.6 |
| 193页;19cm |
| ISBN :CNY0.70 |
| ● |
| 相关链接 |
|
|
|
|
正题名:吉林民间故事选
索取号:I276.5/11
 
预约/预借
| 序号 | 登录号 | 条形码 | 馆藏地/架位号 | 状态 | 备注 |
| 1 | 0029603 | 001780442 | 密集书库/ [索取号:I276.5/11] | 在馆 |